00424 a2200145 4500010001400000020002300014035001300037037001500050082000800065100002500073245005000098260004300148270006100191300002600252 aENG-86551 c185.00a8173815208 aEN-70084 bDBAD / PUB14a515 aMukherjee, Kalyan Kr1 aNumerical analysis /cby Kalyan Kr. Mukherjee aKolkotabNew Central Book Agencyc2006 a8/1, Chintamoni Das Lane,bKolkatae700 009cWest Bengal avii, 292pc24cm (pbk)